[Event "GBR-ch Major 104th"]
[Site "Llandudno"]
[Date "2017.08.04"]
[Round "7"]
[White "Ifalore, Michael"]
[Black "Golding, William"]
[Result "1-0"]
[WhiteElo "1911"]
[BlackElo "1517"]
[PlyCount "79"]
[EventDate "2017.07.29"]
[EventType "swiss"]
[EventRounds "9"]
[EventCountry "WLS"]
[SourceTitle "CBM 179 Extra"]
[Source "ChessBase"]
[SourceDate "2017.08.23"]
[SourceVersion "1"]
[SourceVersionDate "2017.08.23"]
[SourceQuality "1"]

1. d4 Nf6 2. c4 g6 3. Nc3 Bg7 4. e4 0-0 5. e5 Ne8 6. Nf3 d6 7. Bf4 Nd7 8. exd6 exd6 9. Be2 Nef6 10. 0-0 Re8 11. Re1 Nf8 12. Qc1 Ne6 13. Bh6 Bh8 14. h3 d5 15. c5 c6 16. Bf1 b6 17. b4 b5 18. a4 bxa4 19. Rxa4 Bd7 20. Qa1 Qc7 21. b5 cxb5 22. Bxb5 Reb8 23. Bxd7 Qxd7 24. Ne5 Qc7 25. Nf3 Bg7 26. Bxg7 Kxg7 27. Rb1 Rxb1+ 28. Qxb1 Qc6 29. Ne5 Qe8 30. Nf3 Ne4 31. Ra3 Nxc3 32. Rxc3 a5 33. Qa2 Nf4 34. Re3 Qd8 35. Kh2 Ne6 36. g3 a4 37. Ra3 Qa5 38. Qxd5 Qa7 39. Kg2 Qc7 40. Qxa8 1-0

[Event "BCF-chT2 1617 (4NCL) Demotion pool"]
[Site "England"]
[Date "2017.05.01"]
[Round "11.68"]
[White "Stimpson, Philip M"]
[Black "Golding, William"]
[Result "1-0"]
[WhiteElo "1925"]
[BlackElo "1488"]
[PlyCount "87"]
[EventDate "2016.11.19"]
[EventType "team-tourn"]
[EventRounds "11"]
[EventCountry "ENG"]
[SourceTitle "EXT 2019"]
[Source "ChessBase"]
[SourceDate "2018.10.10"]
[SourceVersion "1"]
[SourceVersionDate "2018.10.10"]
[SourceQuality "1"]
[WhiteTeam "Guildford III"]
[BlackTeam "Barbican Youth"]
[WhiteTeamCountry "ENG"]
[BlackTeamCountry "ENG"]

1. e4 d5 2. exd5 Nf6 3. d4 Nxd5 4. c4 Nf6 5. Nf3 Bf5 6. Nc3 e6 7. Be2 Bb4 8. 0-0 0-0 9. Qb3 Nc6 10. Be3 a5 11. a3 a4 12. Nxa4 Be7 13. Nc3 Ng4 14. Qd1 Nxe3 15. fxe3 Bg5 16. Nxg5 Qxg5 17. Rf3 Rfd8 18. Rg3 Qh4 19. Qe1 Qe7 20. Qf2 Bg6 21. Rf1 Na5 22. Rd1 Nb3 23. Bd3 Bxd3 24. Rxd3 Nc5 25. Rd1 Na4 26. Ne4 f5 27. Ng5 h6 28. Nf3 Nc5 29. Qc2 Ne4 30. Rh3 c5 31. Ne5 Qf6 32. Qe2 cxd4 33. exd4 Ng5 34. Rb3 Qe7 35. Qh5 Qc7 36. Rb5 Ra5 37. Rxa5 Qxa5 38. h4 Ne4 39. Qf7+ Kh8 40. Qxe6 Qa4 41. Rf1 Re8 42. Qxf5 Ng3 43. Ng6+ Kh7 44. Nf8+ 1-0

[Event "BCF-chT2 1617 (4NCL) Demotion pool"]
[Site "England"]
[Date "2017.04.30"]
[Round "10.68"]
[White "Golding, William"]
[Black "Selway, Alexander M"]
[Result "1-0"]
[WhiteElo "1488"]
[BlackElo "1816"]
[PlyCount "127"]
[EventDate "2016.11.19"]
[EventType "team-tourn"]
[EventRounds "11"]
[EventCountry "ENG"]
[SourceTitle "EXT 2019"]
[Source "ChessBase"]
[SourceDate "2018.10.10"]
[SourceVersion "1"]
[SourceVersionDate "2018.10.10"]
[SourceQuality "1"]
[WhiteTeam "Barbican Youth"]
[BlackTeam "KJCA Kings"]
[WhiteTeamCountry "ENG"]
[BlackTeamCountry "ENG"]

1. d4 Nf6 2. Bf4 c5 3. e3 e6 4. Nf3 Nc6 5. c3 d5 6. Nbd2 Bd6 7. Ne5 Qc7 8. Ndf3 c4 9. b3 b5 10. bxc4 bxc4 11. Qa4 Bd7 12. Nxd7 Nxd7 13. Bxd6 Qxd6 14. Be2 0-0 15. 0-0 Rab8 16. Rab1 Nf6 17. Nd2 Rfc8 18. Rxb8 Rxb8 19. Rb1 Rxb1+ 20. Nxb1 Qc7 21. Nd2 Qb6 22. Bf3 h6 23. Qc2 a6 24. e4 Na7 25. e5 Nh7 26. h4 Nb5 27. a4 Nc7 28. Bh5 Nf8 29. f4 g6 30. Bf3 Ne8 31. h5 Ng7 32. g4 gxh5 33. gxh5 Qd8 34. Nf1 Qh4 35. Qh2 Nf5 36. Qxh4 Nxh4 37. Bg4 Kg7 38. Ng3 a5 39. Kh2 Nd7 40. Kh3 Nf5 41. Nxf5+ exf5 42. Bxf5 Nb6 43. Bc2 f6 44. Kg4 Kf7 45. Kf5 fxe5 46. fxe5 Nc8 47. e6+ Ke7 48. Kg6 Nd6 49. Kxh6 Kf6 50. Kh7 Kxe6 51. Kg8 Nf7 52. Bg6 Nh6+ 53. Kg7 Nf5+ 54. Bxf5+ Kxf5 55. h6 Ke4 56. h7 Kd3 57. h8Q Kxc3 58. Kg6 Kb3 59. Qe8 c3 60. Qb5+ Ka3 61. Qxa5 Kb3 62. Qxd5+ Kb2 63. Qc4 c2 64. Qxc2+ 1-0

[Event "BCF-chT2a 1617 (4NCL)"]
[Site "England"]
[Date "2016.11.20"]
[Round "2.17"]
[White "Humphreys, Jerry"]
[Black "Golding, William"]
[Result "1-0"]
[WhiteElo "2020"]
[BlackElo "1429"]
[PlyCount "53"]
[EventDate "2016.11.19"]
[EventType "team-tourn"]
[EventRounds "11"]
[EventCountry "ENG"]
[SourceTitle "EXT 2019"]
[Source "ChessBase"]
[SourceDate "2018.10.10"]
[SourceVersion "1"]
[SourceVersionDate "2018.10.10"]
[SourceQuality "1"]
[WhiteTeam "Downend & Fishponds"]
[BlackTeam "Barbican Youth"]
[WhiteTeamCountry "ENG"]
[BlackTeamCountry "ENG"]

1. e4 d5 2. exd5 Nf6 3. d4 Nxd5 4. c4 Nf6 5. Nf3 Bg4 6. Be2 e6 7. Qb3 Qc8 8. Nc3 Nbd7 9. Bf4 h6 10. Nb5 Kd8 11. Bxc7+ Ke8 12. Bd6 Kd8 13. 0-0 Ne4 14. Bxf8 Rxf8 15. Rfd1 a6 16. Nc3 Nxc3 17. Qxc3 f5 18. Rac1 g5 19. Rc2 Bxf3 20. Qxf3 g4 21. Qf4 h5 22. c5 Qc7 23. Qg5+ Nf6 24. d5 exd5 25. Rxd5+ Ke7 26. Bc4 Rad8 27. Re2+ 1-0

[Event "GBR-ch Major 103rd"]
[Site "Bournemouth"]
[Date "2016.08.02"]
[Round "8"]
[White "Golding, William"]
[Black "MacQueen, Andrew"]
[Result "0-1"]
[WhiteElo "1450"]
[BlackElo "1854"]
[PlyCount "42"]
[EventDate "2016.07.25"]
[EventType "swiss"]
[EventRounds "11"]
[EventCountry "ENG"]
[SourceTitle "CBM 173 Extra"]
[Source "ChessBase"]
[SourceDate "2016.08.29"]
[SourceVersion "1"]
[SourceVersionDate "2016.08.29"]
[SourceQuality "1"]

1. d4 g6 2. Nf3 Bg7 3. Bf4 d6 4. e3 Nf6 5. h3 0-0 6. Nbd2 b6 7. c3 Bb7 8. Bc4 Nbd7 9. 0-0 Rc8 10. Qe2 c5 11. Ba6 Bxa6 12. Qxa6 Qc7 13. a4 c4 14. a5 Qc6 15. b3 cxb3 16. Nxb3 Nd5 17. Bh2 Nb8 18. Qd3 Qxc3 19. Qxc3 Rxc3 20. axb6 Nxb6 21. Rfb1 Rfc8 0-1

[Event "GBR-ch Major 103rd"]
[Site "Bournemouth"]
[Date "2016.07.29"]
[Round "5"]
[White "Golding, William"]
[Black "Guha, Chirag"]
[Result "0-1"]
[WhiteElo "1450"]
[BlackElo "1739"]
[PlyCount "102"]
[EventDate "2016.07.25"]
[EventType "swiss"]
[EventRounds "11"]
[EventCountry "ENG"]
[SourceTitle "CBM 173 Extra"]
[Source "ChessBase"]
[SourceDate "2016.08.29"]
[SourceVersion "1"]
[SourceVersionDate "2016.08.29"]
[SourceQuality "1"]

1. d4 d5 2. Nf3 Nf6 3. Bf4 e6 4. e3 Be7 5. h3 Nbd7 6. Nbd2 0-0 7. Bd3 b6 8. 0-0 Bb7 9. c3 c5 10. Re1 Ne4 11. Qc2 Ndf6 12. Ne5 Rc8 13. Nxe4 dxe4 14. Be2 cxd4 15. exd4 Bd6 16. Qa4 Bxe5 17. Bxe5 a5 18. Qb3 Nd5 19. Rac1 e3 20. f3 Qg5 21. Bc4 Ra8 22. Bxd5 Bxd5 23. Qxb6 Bxf3 24. Rc2 e2 25. Rcxe2 Bxe2 26. Rxe2 Qd8 27. Qb3 Qd5 28. Qd1 Qxa2 29. Bd6 Rfb8 30. Bxb8 Rxb8 31. b4 Qc4 32. bxa5 Qxc3 33. Qd2 Qa1+ 34. Kf2 Ra8 35. Re5 g6 36. Rc5 Rd8 37. Qe3 Qxd4 38. Qxd4 Rxd4 39. Rc7 Ra4 40. Rc8+ Kg7 41. Ra8 Kf6 42. a6 e5 43. a7 Ra3 44. Ke2 Kf5 45. Kf2 Kf4 46. g3+ Ke4 47. Ke2 Ra2+ 48. Kd1 Kf3 49. g4 e4 50. g5 e3 51. Re8 Rxa7 0-1

[Event "London CC Intermediate"]
[Site "London"]
[Date "2016.04.05"]
[Round "2.7"]
[White "Golding, William"]
[Black "Balouka Myers, Gabriel"]
[Result "0-1"]
[WhiteElo "1496"]
[BlackElo "1624"]
[PlyCount "68"]
[EventDate "2016.04.04"]
[EventType "swiss"]
[EventRounds "5"]
[EventCountry "ENG"]
[SourceTitle "EXT 2023"]
[Source "ChessBase"]
[SourceDate "2022.10.05"]
[SourceVersion "1"]
[SourceVersionDate "2022.10.05"]
[SourceQuality "1"]

1. d4 d5 2. Nf3 e6 3. Bf4 c6 4. c3 f5 5. e3 Nf6 6. Ne5 Bd6 7. Be2 0-0 8. g4 Ne4 9. Rg1 Qh4 10. Bg3 Nxg3 11. hxg3 Qf6 12. f4 Nd7 13. g5 Qe7 14. Rh1 Nxe5 15. dxe5 Bc5 16. Kf2 g6 17. b4 Bb6 18. Nd2 a5 19. Bh5 gxh5 20. Rxh5 Bd7 21. Qh1 Be8 22. Rh6 Bg6 23. Qh2 axb4 24. Rh1 Qg7 25. cxb4 Ra3 26. Re1 Rxa2 27. Re2 d4 28. Nc4 dxe3+ 29. Kf3 Rxe2 30. Qxe2 Qc7 31. Nxe3 Bxe3 32. Qxe3 Rd8 33. Qb3 Qd7 34. Ke3 Qd2+ 0-1

[Event "London CC Intermediate"]
[Site "London"]
[Date "2016.04.04"]
[Round "1.4"]
[White "Spanton, Timothy"]
[Black "Golding, William"]
[Result "1-0"]
[WhiteElo "1919"]
[BlackElo "1496"]
[PlyCount "123"]
[EventDate "2016.04.04"]
[EventType "swiss"]
[EventRounds "5"]
[EventCountry "ENG"]
[SourceTitle "EXT 2023"]
[Source "ChessBase"]
[SourceDate "2022.10.05"]
[SourceVersion "1"]
[SourceVersionDate "2022.10.05"]
[SourceQuality "1"]

1. d4 Nf6 2. Nc3 e6 3. Nf3 d5 4. Bg5 Be7 5. Bxf6 Bxf6 6. e4 0-0 7. Bd3 c5 8. e5 Be7 9. Qd2 Nc6 10. dxc5 Bxc5 11. 0-0 a6 12. Rad1 Bd7 13. a3 Qc7 14. Rfe1 f6 15. b4 Ba7 16. exf6 Rxf6 17. b5 Nd4 18. Nxd4 Bxd4 19. Bxh7+ Kxh7 20. Qxd4 axb5 21. Qd3+ Kg8 22. Nxd5 exd5 23. Qxd5+ Rf7 24. Re7 Raf8 25. Rxd7 Qxc2 26. f3 Qe2 27. Qb3 Qc4 28. Qxc4 bxc4 29. R7d4 Rc7 30. Rc1 Rfc8 31. a4 Kf7 32. Kf2 Rc5 33. Rc3 Ke6 34. Ke3 R8c7 35. f4 g6 36. g4 R7c6 37. Kd2 Rd5 38. Re3+ Kd6 39. Kc3 Rcc5 40. Rxc4 b5 41. axb5 Rxb5 42. Kc2 Ra5 43. Rb3 Ra6 44. Rcb4 Rc6+ 45. Rc3 Ra6 46. Rb2 Ke6 47. Rd3 Rc6+ 48. Kd2 Rxd3+ 49. Kxd3 Rc5 50. Re2+ Kf6 51. Ke3 Rc3+ 52. Kf2 Rh3 53. Kg2 Rd3 54. h3 g5 55. f5 Rd6 56. Kf3 Kf7 57. Re3 Kf6 58. Re6+ Rxe6 59. fxe6 Kxe6 60. Ke4 Kf6 61. Kd5 Kf7 62. Ke5 1-0

[Event "BCF-chT2c 1415 (4NCL)"]
[Site "England"]
[Date "2015.05.04"]
[Round "11.216"]
[White "Manton, Jacob"]
[Black "Golding, William"]
[Result "0-1"]
[WhiteElo "1990"]
[BlackElo "1525"]
[PlyCount "96"]
[EventDate "2015.03.29"]
[EventType "team-tourn"]
[EventRounds "11"]
[EventCountry "ENG"]
[SourceTitle "EXT 2016"]
[Source "ChessBase"]
[SourceDate "2015.10.08"]
[SourceVersion "1"]
[SourceVersionDate "2015.10.08"]
[SourceQuality "1"]
[WhiteTeam "3CS Oldham"]
[BlackTeam "Barbican Youth"]
[WhiteTeamCountry "ENG"]
[BlackTeamCountry "ENG"]

1. d4 Nf6 2. c4 e6 3. Nc3 Bb4 4. e3 d5 5. cxd5 Nxd5 6. Bd2 c5 7. Nf3 Qa5 8. Nxd5 exd5 9. dxc5 Nc6 10. a3 Bxd2+ 11. Qxd2 Qxc5 12. b4 Qd6 13. Rd1 Be6 14. Qb2 0-0 15. b5 Ne7 16. Nd4 Rfd8 17. Be2 Rac8 18. 0-0 Nf5 19. Bf3 Qe5 20. Qb4 Nh4 21. Rc1 Qg5 22. Kh1 Bg4 23. Bxg4 Qxg4 24. g3 Qe4+ 25. f3 Nxf3 26. Rxf3 Rxc1+ 27. Kg2 Rdc8 28. Qd6 h6 29. Qd7 R1c2+ 30. Kh3 R2c7 31. Qd6 Qe7 32. Qxd5 Qd7+ 33. Qf5 Qxf5+ 34. Nxf5 Rd7 35. Rf4 Rc5 36. a4 g5 37. Rf1 h5 38. Nd4 Rc3 39. Rf5 g4+ 40. Kh4 Rxe3 41. Rg5+ Kf8 42. Nf5 Re4 43. Kxh5 Rxa4 44. Nh6 Ra5 45. Nxg4 a6 46. Nf6 Rd2 47. h4 Rxb5 48. Rxb5 axb5 0-1

[Event "BCF-ch U10"]
[Site "Aberystwyth"]
[Date "2014.07.31"]
[Round "5"]
[White "Golding, William"]
[Black "Ratnesan, Ranesh"]
[Result "0-1"]
[WhiteElo "100"]
[BlackElo "105"]
[PlyCount "120"]
[EventDate "2014.07.28"]
[EventType "swiss"]
[EventRounds "7"]
[EventCountry "WLS"]
[SourceTitle "EXT 2017"]
[Source "ChessBase"]
[SourceDate "2016.10.25"]
[SourceVersion "1"]
[SourceVersionDate "2016.10.25"]
[SourceQuality "1"]

1. d4 Nf6 2. Bf4 d5 3. c3 g6 4. Nd2 Nbd7 5. h3 c5 6. e3 a6 7. Be2 Bg7 8. Ngf3 b6 9. Ne5 Bb7 10. Ndf3 e6 11. Qd2 b5 12. Nxd7 Nxd7 13. Ne5 Nxe5 14. dxe5 Qc7 15. 0-0 0-0 16. h4 Bxe5 17. Bxe5 Qxe5 18. f4 Qf6 19. h5 Kg7 20. g4 Qh4 21. Qe1 Qxe1 22. Raxe1 gxh5 23. gxh5 Kf6 24. Kf2 e5 25. fxe5+ Kxe5 26. Rg1 Rg8 27. b3 Rad8 28. c4 dxc4 29. bxc4 b4 30. Rd1 Be4 31. Rxd8 Rxd8 32. Rg5+ f5 33. Rg7 f4 34. Rg5+ Bf5 35. Bg4 Rf8 36. Kf3 fxe3 37. Kxe3 h6 38. Rg7 Bxg4 39. Rxg4 Rf5 40. Rh4 Kd6 41. Ke2 Kc6 42. Ke3 a5 43. Rh2 a4 44. Kd3 Kb6 45. Rb2 Rxh5 46. Re2 b3 47. axb3 axb3 48. Rb2 Ka5 49. Ke4 Kb4 50. Kd3 Rh3+ 51. Kd2 Rh2+ 52. Kc1 Rxb2 53. Kxb2 h5 54. Kb1 h4 55. Kb2 h3 56. Kb1 h2 57. Kb2 Kxc4 58. Ka3 h1Q 59. Kb2 Qg2+ 60. Ka3 Qa2# 0-1

[Event "BCF-ch U10"]
[Site "Aberystwyth"]
[Date "2014.07.30"]
[Round "4"]
[White "Woltery, Nicolai"]
[Black "Golding, William"]
[Result "0-1"]
[WhiteElo "119"]
[BlackElo "100"]
[PlyCount "56"]
[EventDate "2014.07.28"]
[EventType "swiss"]
[EventRounds "7"]
[EventCountry "WLS"]
[SourceTitle "EXT 2017"]
[Source "ChessBase"]
[SourceDate "2016.10.25"]
[SourceVersion "1"]
[SourceVersionDate "2016.10.25"]
[SourceQuality "1"]

1. d4 Nf6 2. c4 e6 3. Nc3 Bb4 4. Nf3 Ne4 5. Qc2 d5 6. a3 Bxc3+ 7. bxc3 0-0 8. Bd2 Nd7 9. e3 f5 10. Bd3 b6 11. 0-0 c5 12. cxd5 exd5 13. c4 Bb7 14. Bxe4 dxe4 15. Ne1 cxd4 16. exd4 f4 17. Qc1 f3 18. g3 Nf6 19. Qc3 Rc8 20. Nc2 b5 21. c5 Qd7 22. Ne1 Qh3 23. g4 Nxg4 24. Qb3+ Kh8 25. Bf4 Rxf4 26. Nxf3 exf3 27. Qg8+ Kxg8 28. Rfb1 Qg2# 0-1